[Event "37th Belgrade Trophy 2024"]
[Site "Belgrade"]
[Date "2024.11.28"]
[Round "6.7"]
[White "Gevorgyan, David Sh."]
[Black "Ughuzov, Ravan"]
[Result "0-1"]
[WhiteElo "2247"]
[BlackElo "2047"]
[Annotator "RC"]
[PlyCount "76"]
[EventDate "2024.11.23"]
[EventCountry "SRB"]
[SourceTitle "playchess.com"]
[Source "ChessBase"]
[SourceQuality "1"]
[TimeControl "40/5400+30:900+30"]

1. d4 {[%emt 0:02:05]} Nf6 {[%emt 0:00:09]} 2. c4 {[%emt 0:00:36]} e6 {[%emt 0:00:06]} 3. Nc3 {[%emt 0:00:11]} Bb4 {[%emt 0:00:07]} 4. a3 {[%emt 0:03:40]} Bxc3+ {[%emt 0:00:05]} 5. bxc3 {[%emt 0:00:04]} c5 {[%emt 0:00:05]} 6. e3 {[%emt 0:03:27]} Nc6 {[%emt 0:00:07]} 7. f3 {[%emt 0:08:34]} d6 {[%emt 0:00:36]} 8. Bd3 {[%emt 0:02:37]} b6 {[%emt 0:00:10]} 9. Ne2 {[%emt 0:08:14]} Na5 {[%emt 0:00:07]} 10. e4 {[%emt 0:02:25]} Ba6 {[%emt 0:02:40]} 11. Bg5 {[%emt 0:15:10]} Qc7 {[%emt 0:03:55]} 12. Bxf6 {[%emt 0:17:15]} gxf6 {[%emt 0:01:34]} 13. d5 {[%emt 0:00:15]} O-O-O {[%emt 0:02:00]} 14. Nf4 {[%emt 0:04:52]} Qe7 {[%emt 0:00:12]} 15. Qe2 {[%emt 0:01:06]} h5 {[%emt 0:00:40]} 16. dxe6 {[%emt 0:05:59]} fxe6 {[%emt 0:00:40]} 17. Ng6 {[%emt 0:00:49]} Qd7 {[%emt 0:01:54]} 18. Nxh8 {[%emt 0:01:13]} Rxh8 {[%emt 0:00:02]} 19. a4 {[%emt 0:04:35]} Qg7 {[%emt 0:02:54]} 20. O-O {[%emt 0:00:42]} Rg8 {[%emt 0:01:00]} 21. Ra2 {[%emt 0:04:15]} Qh6 {[%emt 0:02:02]} 22. Kh1 {[%emt 0:06:14]} Kc7 {[%emt 0:00:49]} 23. f4 {[%emt 0:05:12]} Bb7 {[%emt 0:00:26]} 24. Rd2 {[%emt 0:01:41]} Rg4 {[%emt 0:04:00]} 25. Qe3 {[%emt 0:00:49]} Nb3 {[%emt 0:01:35]} 26. Rb2 {[%emt 0:00:49]} Na5 {[%emt 0:00:04]} 27. Rd2 {[%emt 0:00:27]} Qg7 {[%emt 0:01:28]} 28. Rdf2 {[%emt 0:00:36]} f5 {[%emt 0:01:20]} 29. Qe2 {[%emt 0:00:29]} Qf6 {[%emt 0:05:44]} 30. exf5 {[%emt 0:00:36]} exf5 {[%emt 0:00:05]} 31. Re1 {[%emt 0:00:23]} Rg7 {[%emt 0:00:01]} 32. Qc2 {[%emt 0:00:33]} Qh4 {[%emt 0:01:54]} 33. Rg1 {[%emt 0:00:31]} Rg3 {[%emt 0:00:38]} 34. Bxf5 {[%emt 0:00:33]} Nxc4 {[%emt 0:00:01]} 35. Be4 {[%emt 0:00:30]} Ne3 {[%emt 0:00:04]} 36. Qd3 {[%emt 0:00:29]} Ng4 {[%emt 0:00:19]} 37. Qxg3 {[%emt 0:00:33]} Qxh2+ {[%emt 0:00:06]} 38. Qxh2 {[%emt 0:00:12]} Nxf2# {[%emt 0:00:01]} 0-1

[Event "37th Belgrade Trophy 2024"]
[Site "Belgrade"]
[Date "2024.11.28"]
[Round "6.8"]
[White "Chelushkina, Irina"]
[Black "Divljan, Igor"]
[Result "0-1"]
[WhiteElo "2141"]
[BlackElo "2221"]
[Annotator "RC"]
[PlyCount "126"]
[EventDate "2024.11.23"]
[EventCountry "SRB"]
[SourceTitle "playchess.com"]
[Source "ChessBase"]
[SourceQuality "1"]
[TimeControl "40/5400+30:900+30"]

1. e4 {[%emt 0:00:04]} c5 {[%emt 0:00:12]} 2. Nf3 {[%emt 0:00:04]} e6 {[%emt 0:00:16]} 3. c3 {[%emt 0:00:17]} Nf6 {[%emt 0:00:25]} 4. e5 {[%emt 0:00:22]} Nd5 {[%emt 0:00:32]} 5. d4 {[%emt 0:00:24]} cxd4 {[%emt 0:01:25]} 6. Bc4 {[%emt 0:00:21]} Nb6 {[%emt 0:09:28]} 7. Bb3 {[%emt 0:00:06]} d6 {[%emt 0:06:33]} 8. O-O {[%emt 0:09:55]} Nc6 {[%emt 0:04:44]} 9. Bg5 {[%emt 0:02:14]} Be7 {[%emt 0:06:06]} 10. Bxe7 {[%emt 0:05:53]} Nxe7 {[%emt 0:12:53]} 11. Qxd4 {[%emt 0:02:15]} Nf5 {[%emt 0:06:42]} 12. Qd3 {[%emt 0:00:16]} dxe5 {[%emt 0:02:25]} 13. Qb5+ {[%emt 0:05:05]} Bd7 {[%emt 0:02:53]} 14. Qxe5 {[%emt 0:00:05]} Qf6 {[%emt 0:10:45]} 15. Nbd2 {[%emt 0:02:34]} Bc6 {[%emt 0:01:59]} 16. Bc2 {[%emt 0:00:46]} Qxe5 {[%emt 0:02:30]} 17. Nxe5 {[%emt 0:06:28]} Ne7 {[%emt 0:00:08]} 18. Ne4 {[%emt 0:02:26]} Bxe4 {[%emt 0:05:32]} 19. Bxe4 {[%emt 0:00:02]} Rb8 {[%emt 0:07:59]} 20. a4 {[%emt 0:01:23]} f6 {[%emt 0:01:20]} 21. a5 {[%emt 0:00:15]} Nd7 {[%emt 0:05:55]} 22. Nc4 {[%emt 0:01:14]} O-O {[%emt 0:03:34]} 23. Rfe1 {[%emt 0:08:05]} Rfd8 {[%emt 0:01:16]} 24. g3 {[%emt 0:05:26]} Nc5 {[%emt 0:00:25]} 25. Bc2 {[%emt 0:02:00]} e5 {[%emt 0:02:07]} 26. b4 {[%emt 0:01:06]} Na6 {[%emt 0:00:49]} 27. f4 {[%emt 0:02:00]} Nd5 {[%emt 0:00:42]} 28. fxe5 {[%emt 0:03:35]} Nxc3 {[%emt 0:00:06]} 29. Bb3 {[%emt 0:01:46]} Kf8 {[%emt 0:00:19]} 30. exf6 {[%emt 0:01:24]} gxf6 {[%emt 0:00:31]} 31. Re6 {[%emt 0:00:35]} Nxb4 {[%emt 0:01:00]} 32. Rxf6+ {[%emt 0:01:42]} Kg7 {[%emt 0:00:09]} 33. Raf1 {[%emt 0:02:19]} Rf8 {[%emt 0:00:21]} 34. Rxf8 {[%emt 0:01:31]} Rxf8 {[%emt 0:00:06]} 35. Re1 {[%emt 0:01:41]} Nc6 {[%emt 0:01:19]} 36. Nd6 {[%emt 0:00:57]} Nd4 {[%emt 0:04:09]} 37. Re7+ {[%emt 0:01:23]} Kf6 {[%emt 0:00:32]} 38. Rxb7 {[%emt 0:00:04]} Ke5 {[%emt 0:00:24]} 39. Nf7+ {[%emt 0:01:01]} Ke4 {[%emt 0:00:23]} 40. Bc4 {[%emt 0:00:53]} Nd1 {[%emt 0:01:05]} 41. Re7+ {[%emt 0:17:33]} Kf5 {[%emt 0:02:23]} 42. Kg2 {[%emt 0:00:00]} Nc6 {[%emt 0:03:34]} 43. Re1 {[%emt 0:00:00]} Nb2 {[%emt 0:01:15]} 44. Bd5 {[%emt 0:00:00]} Nxa5 {[%emt 0:00:56]} 45. Nd6+ {[%emt 0:00:00]} Kg6 {[%emt 0:08:03]} 46. Re6+ {[%emt 0:00:00]} Kg7 {[%emt 0:00:29]} 47. Re7+ {[%emt 0:00:00]} Kf6 {[%emt 0:00:05]} 48. Rxa7 {[%emt 0:00:25]} Ke5 {[%emt 0:00:14]} 49. Rxa5 {[%emt 0:00:18]} Kxd6 {[%emt 0:00:06]} 50. Be4 {[%emt 0:01:16]} Rh8 {[%emt 0:00:21]} 51. Rd5+ {[%emt 0:04:35]} Ke6 {[%emt 0:01:06]} 52. Rd2 {[%emt 0:01:51]} Na4 {[%emt 0:00:18]} 53. g4 {[%emt 0:00:18]} Ke5 {[%emt 0:01:02]} 54. Bc6 {[%emt 0:00:52]} Nb6 {[%emt 0:01:05]} 55. Kg3 {[%emt 0:00:29]} h6 {[%emt 0:01:06]} 56. Kh4 {[%emt 0:02:49]} Nc4 {[%emt 0:00:14]} 57. Rd5+ {[%emt 0:02:15]} Kf6 {[%emt 0:00:11]} 58. Rf5+ {[%emt 0:00:35]} Kg6 {[%emt 0:01:20]} 59. Bd5 {[%emt 0:02:32]} Nd6 {[%emt 0:00:13]} 60. Re5 {[%emt 0:00:10]} Rf8 {[%emt 0:00:36]} 61. h3 {[%emt 0:01:59]} Rf6 {[%emt 0:00:20]} 62. Re7 {[%emt 0:00:39]} Rf4 {[%emt 0:00:56]} 63. Bb3 {[%emt 0:00:41]} Nf5# {[%emt 0:00:09]} 0-1

[Event "37th Belgrade Trophy 2024"]
[Site "Belgrade"]
[Date "2024.11.28"]
[Round "6.9"]
[White "Triantafilidis, Mihail"]
[Black "Bjelanovic, Mile"]
[Result "1-0"]
[WhiteElo "2200"]
[BlackElo "2041"]
[Annotator "RC"]
[PlyCount "79"]
[EventDate "2024.11.23"]
[EventCountry "SRB"]
[SourceTitle "playchess.com"]
[Source "ChessBase"]
[SourceQuality "1"]
[TimeControl "40/5400+30:900+30"]

1. d4 {[%emt 0:00:20]} Nf6 {[%emt 0:00:09]} 2. c4 {[%emt 0:00:09]} d6 {[%emt 0:00:09]} 3. Nc3 {[%emt 0:00:10]} Nbd7 {[%emt 0:00:11]} 4. e4 {[%emt 0:00:11]} e5 {[%emt 0:00:10]} 5. Nf3 {[%emt 0:00:17]} Be7 {[%emt 0:00:39]} 6. Be2 {[%emt 0:00:10]} O-O {[%emt 0:00:36]} 7. O-O {[%emt 0:00:08]} Re8 {[%emt 0:01:18]} 8. Be3 {[%emt 0:00:16]} Bf8 {[%emt 0:03:17]} 9. d5 {[%emt 0:00:44]} Nc5 {[%emt 0:03:47]} 10. Nd2 {[%emt 0:01:58]} a5 {[%emt 0:01:42]} 11. b3 {[%emt 0:00:11]} g6 {[%emt 0:06:47]} 12. a3 {[%emt 0:00:13]} h6 {[%emt 0:02:39]} 13. h3 {[%emt 0:02:30]} Nh7 {[%emt 0:02:40]} 14. b4 {[%emt 0:01:04]} axb4 {[%emt 0:06:03]} 15. axb4 {[%emt 0:00:08]} Rxa1 {[%emt 0:00:05]} 16. Qxa1 {[%emt 0:00:08]} Nd7 {[%emt 0:02:45]} 17. Bd3 {[%emt 0:06:37]} Ndf6 {[%emt 0:03:26]} 18. Qa5 {[%emt 0:20:40]} Ng5 {[%emt 0:02:56]} 19. Nb5 {[%emt 0:01:44]} b6 {[%emt 0:15:05]} 20. Qa7 {[%emt 0:00:09]} Re7 {[%emt 0:00:30]} 21. Qb8 {[%emt 0:00:43]} Qd7 {[%emt 0:00:52]} 22. Ra1 {[%emt 0:07:18]} Nxh3+ {[%emt 0:01:02]} 23. gxh3 {[%emt 0:00:59]} Qxh3 {[%emt 0:00:12]} 24. Bf1 {[%emt 0:00:10]} Qg4+ {[%emt 0:01:37]} 25. Bg2 {[%emt 0:00:10]} Bd7 {[%emt 0:09:06]} 26. Nxc7 {[%emt 0:00:50]} Ne8 {[%emt 0:00:27]} 27. Nxe8 {[%emt 0:03:47]} Rxe8 {[%emt 0:00:58]} 28. Qxb6 {[%emt 0:00:09]} f5 {[%emt 0:00:26]} 29. f3 {[%emt 0:01:02]} Qh5 {[%emt 0:01:56]} 30. exf5 {[%emt 0:01:49]} gxf5 {[%emt 0:00:13]} 31. Ra7 {[%emt 0:00:53]} f4 {[%emt 0:02:59]} 32. Rxd7 {[%emt 0:01:38]} fxe3 {[%emt 0:00:31]} 33. Ne4 {[%emt 0:00:40]} Qf5 {[%emt 0:02:51]} 34. Qxe3 {[%emt 0:00:35]} Ra8 {[%emt 0:01:16]} 35. Ra7 {[%emt 0:00:15]} Rxa7 {[%emt 0:04:22]} 36. Qxa7 {[%emt 0:00:11]} Qf4 {[%emt 0:00:11]} 37. Qd7 {[%emt 0:00:47]} Qe3+ {[%emt 0:00:57]} 38. Kh2 {[%emt 0:00:06]} Qf4+ {[%emt 0:00:25]} 39. Kh3 {[%emt 0:00:08]} h5 {[%emt 0:03:26]} 40. b5 {[%emt 0:00:56]} 1-0

[Event "37th Belgrade Trophy 2024"]
[Site "Belgrade"]
[Date "2024.11.28"]
[Round "6.10"]
[White "Khaleev, Timofey D"]
[Black "Xie, Jianjun"]
[Result "1/2-1/2"]
[WhiteElo "1743"]
[BlackElo "2361"]
[Annotator "TA"]
[PlyCount "132"]
[EventDate "2024.11.23"]
[EventCountry "SRB"]
[SourceTitle "playchess.com"]
[Source "ChessBase"]
[SourceQuality "1"]
[TimeControl "40/5400+30:900+30"]

{[%evp 10,132,42,41,75,76,68,67,79,48,87,85,83,59,77,61,125,79,77,100,136,136,140,99,74,73,115,91,122,119,119,99,132,108,167,64,48,19,11,15,20,14,68,37,80,58,58,58,51,57,94,29,33,39,24,46,37,46,22,33,64,0,129,0,0,0,0,0,28,29,79,85,72,72,76,79,79,82,71,62,73,0,0,0,0,0,0,-3,0,0,0,0,0,0,0,0,0,0,0,-66,-8,-74,0,0,0,0,0,0,0,0,0,0,0,0,0,0,0,0,0,0,0,0,0,0,0]} 1. e4 {[%emt 0:00:02]} d6 {[%emt 0:00:22]} 2. d4 {[%emt 0:00:05]} Nf6 {[%emt 0:00:05]} 3. Nc3 {[%emt 0:00:04]} c6 {[%emt 0:00:33]} 4. f4 {[%emt 0:00:57]} Qa5 {[%emt 0:00:12]} 5. e5 {[%emt 0:01:27]} Ne4 {[%emt 0:03:55]} 6. Qf3 {[%emt 0:00:13]} f5 {[%emt 0:12:28]} 7. exf6 {[%emt 0:00:29]} Nxf6 {[%emt 0:00:21]} 8. Bd2 {[%emt 0:03:25]} Qb6 {[%emt 0:01:58]} 9. Qg3 {[%emt 0:01:30]} Na6 {[%emt 0:20:51]} 10. O-O-O {[%emt 0:07:42]} Bf5 {[%emt 0:10:42]} 11. Bd3 {[%emt 0:04:02]} Bxd3 {[%emt 0:01:24]} 12. Qxd3 {[%emt 0:00:36]} Nb4 {[%emt 0:00:05]} (12... g6 $14) 13. Qe2 {[%emt 0:04:47]} (13. Qh3) 13... Nbd5 {[%emt 0:12:54]} 14. Nf3 {[%emt 0:02:53]} Nxc3 {[%emt 0:00:10]} 15. Bxc3 {[%emt 0:00:10]} (15. bxc3 O-O-O $16) 15... Qb5 {[%emt 0:00:09]} 16. Qxb5 {[%emt 0:03:02]} cxb5 {[%emt 0:00:00]} 17. d5 {[%emt 0:00:34]} Rc8 {[%emt 0:04:09]} 18. Rhe1 {[%emt 0:06:01]} Rc5 {[%emt 0:00:50]} 19. Bxf6 {[%emt 0:00:25]} gxf6 {[%emt 0:00:04]} 20. Nh4 {[%emt 0:01:16] Black is weak on the light squares} Rg8 {[%emt 0:06:18]} 21. g3 {[%emt 0:00:41]} Kd8 {[%emt 0:00:59]} (21... b4 $16 22. Re6 Kf7) 22. Nf5 {[%emt 0:00:44]} (22. b4 $18 Rc4 23. Nf5) 22... e5 $1 $14 {[%emt 0:00:46]} 23. fxe5 {[%emt 0:04:14]} fxe5 {[%emt 0:00:01]} 24. Re4 {[%emt 0:00:43]} Rg5 {[%emt 0:01:55]} 25. Rf1 {[%emt 0:10:41][%cal Of5d4] Black should prevent Nd4!.} Ke8 {[%emt 0:00:08]} (25... Rxd5 $2 26. Ne3 Bh6 27. Nxd5 $18) ({Black should play} 25... Be7 $11) 26. b4 {[%emt 0:07:09]} Rc8 {[%emt 0:10:54]} 27. h4 {[%emt 0:08:25]} Rg6 {[%emt 0:02:00]} 28. g4 {[%emt 0:03:28]} Rc3 {[%emt 0:02:24]} 29. Kb2 {[%emt 0:01:58]} Rh3 {[%emt 0:00:06]} 30. Re3 {[%emt 0:07:09]} (30. a4 $16 bxa4 31. b5) 30... Rxe3 $11 {[%emt 0:01:31]} 31. Nxe3 {[%emt 0:00:13][%mdl 4096] Endgame KRB-KRN} Be7 $1 {[%emt 0:00:51]} 32. g5 {[%emt 0:05:21]} h6 {[%emt 0:02:44]} 33. gxh6 {[%emt 0:00:21]} Rxh6 {[%emt 0:02:28]} 34. Nf5 {[%emt 0:00:28]} Rh7 {[%emt 0:00:01] [#]} 35. h5 {[%emt 0:00:52]} ({Better is} 35. Kc3 $1 $14) 35... Kd7 {[%emt 0:00:25]} (35... Bf8 $11) 36. Rh1 {[%emt 0:07:29] White is more active.} ({Only move:} 36. h6 $1 $16) 36... Rf7 $1 {[%emt 0:00:46]} 37. Ng3 {[%emt 0:00:39]} Rf3 {[%emt 0:00:16]} 38. Ne2 {[%emt 0:00:59]} Bf6 {[%emt 0:01:24]} 39. h6 {[%emt 0:00:57][%cal Bh5h6,Bh6h7][%mdl 32]} Re3 {[%emt 0:01:25] [#]} (39... e4+ $11 40. Kc1 e3) 40. Rh2 $1 $16 {[%emt 0:00:49]} e4+ {[%emt 0:00:12]} 41. Kc1 {[%emt 0:15:16]} Rf3 {[%emt 0:15:09]} 42. Kd2 {[%emt 0:02:18]} Ke7 {[%emt 0:00:15]} ({Not} 42... Bg5+ $2 43. Ke1 $18) 43. h7 {[%emt 0:00:00]} Bh8 {[%emt 0:00:01]} 44. Rh4 {[%emt 0:00:00]} Kf7 $1 {[%emt 0:00:10] [#]} 45. Rxe4 {[%emt 0:00:00]} (45. Rh6 $1 $16 {[%cal Rh6d6]} Rf5 46. Rxd6) 45... Rh3 $11 {[%emt 0:00:09]} 46. Re3 {[%emt 0:00:00]} Rxh7 {[%emt 0:00:21]} 47. Kd3 {[%emt 0:00:00]} Rh4 {[%emt 0:00:20]} 48. c3 {[%emt 0:00:00]} Be5 {[%emt 0:00:11]} 49. Ng1 {[%emt 0:00:03]} Rh5 {[%emt 0:02:48]} 50. Rh3 {[%emt 0:00:47]} Rxh3+ {[%emt 0:00:59]} 51. Nxh3 {[%emt 0:00:06] KB-KN} Kf6 {[%emt 0:00:06]} 52. Ng1 {[%emt 0:01:30]} Kf5 {[%emt 0:00:23]} 53. Nf3 {[%emt 0:00:53]} a6 {[%emt 0:00:27]} 54. Nd2 {[%emt 0:02:32]} (54. Nh4+ $1 $11 Kg4 55. Ng6) 54... Bf4 {[%emt 0:00:12]} (54... Bg3 $15) 55. Nf3 {[%emt 0:00:18]} (55. Nb3 $11 {keeps the balance.}) 55... Be5 {[%emt 0:00:27]} (55... Bh6 $17) 56. Nh4+ {[%emt 0:01:22]} Kg4 {[%emt 0:01:39]} 57. Ng6 $1 {[%emt 0:00:55] and Nxe5+ should not be overlooked} Bf6 {[%emt 0:00:01]} 58. Nf8 {[%emt 0:00:38]} Kf5 {[%emt 0:00:32]} 59. Nd7 {[%emt 0:00:59]} Bd8 {[%emt 0:00:29]} 60. c4 {[%emt 0:00:23]} bxc4+ {[%emt 0:00:44]} 61. Kxc4 {[%emt 0:00:11]} Ke4 {[%emt 0:00:50]} 62. a4 {[%emt 0:00:43]} b5+ {[%emt 0:00:16]} 63. axb5 {[%emt 0:00:09]} axb5+ {[%emt 0:00:02]} 64. Kxb5 {[%emt 0:00:06] Intending Kc6 and mate.} Kxd5 {[%emt 0:00:06]} 65. Nb8 {[%emt 0:00:34]} Bh4 {[%emt 0:00:27]} 66. Na6 {[%emt 0:00:53]} Be1 {[%emt 0:00:10]} 1/2-1/2